000 00597nam a2200193Ia 4500
003 GCL
008 140319s9999 xx 000 0 ara d
040 _aGCL /
_cGCL
082 0 4 _a811.00803
_bم ا
100 1 _aمالك الواسطى
245 1 0 _aاقاليم البهجة والحزن: شعر /
_cمالك الواسطى
300 _a55 ص
490 _aالهيئة العامة للاستعلامات
_v0
650 0 4 _aالادب العربى
650 0 4 _aالشعر
650 0 4 _aالشعر - دواوين و قصائد
650 0 4 _aالشعر - مجموعات
942 _2ddc
_cBK
999 _c49961
_d49961